Marine Biotechnology

Enregistré dans:
Détails bibliographiques
Auteurs principaux: Le Gal, Yves (Auteur), Ulber, Roland (Auteur)
Format: Livre
Langue:anglais
Publié: Berlín Springer 2005
Collection:Advances in Biochemical Engineering Biotechnology, 96-97
Sujets:
Tags: Ajouter un tag
Pas de tags, Soyez le premier à ajouter un tag!

MARC

LEADER 00000cam a2200000 a 4500
001 UCF4325
003 CL-VaPUC
008 121130e20050000GW |||||||||||||||||eng|d
020 |a 9783540256595v.1 
020 |a 9783540256694v.2 
082 0 4 |a 660.6  |b LEG  |2 21 
100 0 |a Le Gal, Yves  |e author  |9 565827 
700 0 |a Ulber, Roland  |e author  |9 565828 
245 1 0 |a Marine Biotechnology 
300 |a v 
942 |c BK 
945 |d 20121130 00:00:00  |a dcastane 
260 |a Berlín  |b Springer  |c 2005 
650 7 |a BIOFILMS  |2 CL-VaPUC  |9 332853 
650 7 |a BIOTECNOLOGIA MARINA  |2 CL-VaPUC  |9 462129 
650 7 |a CORROSION  |2 CL-VaPUC  |9 271912 
583 |a last modification  |c 20121130 23:21:00  |k Rodrigo Vera 
490 0 |a Advances in Biochemical Engineering Biotechnology, 96-97 
999 |c 350132  |d 350130 
952 |0 0  |1 0  |4 0  |6 660_600000000000000_LEG_2005  |7 0  |8 A  |9 453312  |a BIBING  |b BIBING  |d 2019-11-22  |h v.1  |i 4928067  |o 660.6 LEG 2005  |p 4928067  |r 2025-01-20  |w 2019-11-22  |y BK  |k EIB 
952 |0 0  |1 0  |4 0  |6 660_600000000000000_LEG_2005  |7 0  |8 A  |9 453313  |a BIBING  |b BIBING  |d 2019-11-22  |h v.2  |i 4928075  |o 660.6 LEG 2005  |p 4928075  |r 2025-01-20  |w 2019-11-22  |y BK  |k EIB